000 00800nam a22002417a 4500
005 20170124110153.0
010 _aB-035063
020 _c250.00
_a8186618112
035 _aB-035063
037 _bCen Lib/ Ret
040 _aDPL
_bEN
082 _a370.3
_bPON
100 _aPonnaiam,M
_917563
245 _aThe concise dictionary of education /
_cby M.Ponnaiam;Syce Aroquiassamy [and] Panch.Ramalingam
260 _a Delhi
_bPon Rani publications
_c2000
270 _aA-14,Bhandari house Commercial complex Dr. Mukherjee Ngar
_bDelhi
_e110009
300 _a222p.
_c20cm(Hb)
650 _aEducation
_vDictionary
_917564
650 _aDictionary of education
_917565
700 _aAroquiassamy, Syce
_917566
700 _aRamlingam, Panch
_917567
942 _2ddc
_cEN
_h370.3
_mPON
999 _c132377
_d132377